| 000 | 00469nam a2200169Ia 4500 | ||
|---|---|---|---|
| 005 | 20250423100400.0 | ||
| 008 | 250422s9999 xx 000 0 und d | ||
| 020 | _a978- 1- 58648- 830- 7 | ||
| 050 | _aGC1018.O26 | ||
| 100 | _aJon Bowermaster | ||
| 245 | 0 | _aOceans: the threats to our seas and what you can do to turn the tide: a participant media guide | |
| 260 | _bPublicAffairs | ||
| 260 | _c2010 | ||
| 300 | _a319 p | ||
| 650 | _aMarine biology | ||
| 942 | _cBK | ||
| 999 |
_c33139 _d33139 |
||